[Event "Dubai op-A 25th"]
[Site "Dubai"]
[Date "2025.05.30"]
[Round "4"]
[White "Tregubenko, Nikolay"]
[Black "Balajayeva, Khanim Asad Qizi"]
[Result "1/2-1/2"]
[WhiteElo "2277"]
[BlackElo "2358"]
[PlyCount "55"]
[EventDate "2025.05.27"]
[EventType "swiss"]
[EventRounds "9"]
[EventCountry "UAE"]
[SourceTitle "CB23_2025"]
[SourceDate "2025.06.04"]
[SourceVersion "1"]
[SourceVersionDate "2025.06.04"]
[SourceQuality "1"]

1. e4 e5 2. Nf3 Nc6 3. Bc4 Nf6 4. d3 Bc5 5. c3 d6 6. Bg5 h6 7. Bh4 a5 8. Nbd2 Qe7 9. 0-0 g5 10. Bg3 Ba7 11. Re1 Nd7 12. Nf1 h5 13. h4 g4 14. N3d2 Nf8 15. Ne3 Bxe3 16. fxe3 Ng6 17. Rf1 0-0 18. Qe1 Kg7 19. d4 Bd7 20. a3 Nd8 21. Qf2 b5 22. Ba2 c6 23. Rac1 Nb7 24. Bb1 Rac8 25. Rcd1 c5 26. Ba2 Be6 27. Ra1 a4 28. Bb1 1/2-1/2

[Event "Dubai op-A 25th"]
[Site "Dubai"]
[Date "2025.05.27"]
[Round "1"]
[White "Panesar, Vedant"]
[Black "Tregubenko, Nikolay"]
[Result "1-0"]
[WhiteElo "2455"]
[BlackElo "2277"]
[PlyCount "43"]
[EventDate "2025.05.27"]
[EventType "swiss"]
[EventRounds "9"]
[EventCountry "UAE"]
[SourceTitle "CB23_2025"]
[SourceDate "2025.06.04"]
[SourceVersion "1"]
[SourceVersionDate "2025.06.04"]
[SourceQuality "1"]

1. d4 Nf6 2. c4 g6 3. Nc3 Bg7 4. e4 d6 5. Be2 0-0 6. Be3 Na6 7. h3 c6 8. Nf3 e5 9. d5 Nh5 10. Nd2 Nf4 11. Bf1 f5 12. g3 Nxd5 13. cxd5 f4 14. Bxa6 fxe3 15. fxe3 bxa6 16. dxc6 Be6 17. Qe2 Qb6 18. Nd5 Bxd5 19. exd5 Qxb2 20. Rb1 Qxa2 21. Qc4 Qa5 22. Rh2 1-0

[Event "Pozarevac Rudar IM2 12"]
[Site "Pozarevac"]
[Date "2024.12.13"]
[Round "4"]
[White "Tregubenko, Nikolay"]
[Black "Tan, Zhong Kai"]
[Result "1/2-1/2"]
[WhiteElo "2152"]
[BlackElo "2105"]
[PlyCount "103"]
[EventDate "2024.12.10"]
[EventType "tourn"]
[EventRounds "9"]
[EventCountry "SRB"]
[SourceTitle "CB04_2025"]
[SourceDate "2025.01.22"]
[SourceVersion "1"]
[SourceVersionDate "2025.01.22"]
[SourceQuality "1"]

1. e4 c5 2. Nf3 d6 3. d4 cxd4 4. Nxd4 Nf6 5. Nc3 g6 6. Be3 Nc6 7. f3 h5 8. Qd2 Nxd4 9. Bxd4 Bh6 10. Qf2 0-0 11. Bc4 Be6 12. Bxe6 fxe6 13. Qg3 Kh7 14. Rd1 Qa5 15. e5 Ne8 16. exd6 Nxd6 17. Qe5 Qxe5+ 18. Bxe5 Nc4 19. Bg3 Rfd8 20. 0-0 Ne3 21. Rxd8 Rxd8 22. Re1 Kg8 23. Bf2 Nxc2 24. Rxe6 Kf7 25. Re4 a6 26. Bc5 e6 27. Kf1 Rc8 28. Bd4 b5 29. Ne2 Nb4 30. a4 Nd5 31. axb5 axb5 32. Nc3 Nxc3 33. Bxc3 Rc4 34. Ke2 Rxe4+ 35. fxe4 Ke7 36. Kd3 Kd6 37. Bb4+ Kc6 38. h3 Bc1 39. b3 Bg5 40. Bf8 Bf4 41. Kd4 Bg3 42. Bg7 Bd6 43. Bf6 Kb6 44. Bd8+ Kc6 45. Bf6 Kb6 46. Bd8+ Kc6 47. g4 hxg4 48. hxg4 Kd7 49. Bf6 Kc6 50. Be5 Bc5+ 51. Kd3 Be7 52. Bd4 1/2-1/2

[Event "Pozarevac Rudar IM 12"]
[Site "Pozarevac"]
[Date "2024.12.07"]
[Round "6"]
[White "Tregubenko, Nikolay"]
[Black "Petrovic, Aleksa"]
[Result "1/2-1/2"]
[WhiteElo "2152"]
[BlackElo "2219"]
[PlyCount "168"]
[EventDate "2024.12.02"]
[EventType "tourn"]
[EventRounds "9"]
[EventCountry "SRB"]
[SourceTitle "CB50_2024"]
[SourceDate "2024.11.01"]
[SourceVersion "1"]
[SourceVersionDate "2024.11.01"]
[SourceQuality "2"]

1. e4 e6 2. d4 d5 3. Nd2 dxe4 4. Nxe4 Bd7 5. Nf3 Bc6 6. Bd3 Nd7 7. 0-0 Ngf6 8. Ng3 Bd6 9. c4 Bxf3 10. Qxf3 c6 11. Bd2 0-0 12. Rae1 a5 13. b3 Bb4 14. Re2 Bxd2 15. Rxd2 Qb6 16. Bc2 Rfd8 17. Re1 Nf8 18. Ne4 Nxe4 19. Rxe4 Rd7 20. h4 Rad8 21. Qe3 Qc7 22. h5 h6 23. Rd3 Nh7 24. Re5 Nf6 25. Bd1 Qb6 26. Bf3 Rxd4 27. Rxd4 Rxd4 28. Rxa5 Qxa5 29. Qxd4 e5 30. Qe3 Qa4 31. a3 Qxa3 32. Qe4 Qa2 33. Qxe5 Qxb3 34. c5 Qe6 35. Qb8+ Qe8 36. Qxb7 Qe1+ 37. Kh2 Qe5+ 38. Kg1 Qe1+ 39. Kh2 Qe5+ 40. Kg1 Qxc5 41. Qxc6 Qxc6 42. Bxc6 Nxh5 43. g3 g5 44. Kg2 Kg7 45. Be8 Kf6 46. Kf3 Ng7 47. Bd7 Ke5 48. Ke3 Nf5+ 49. Kf3 Ng7 50. Ke3 Ne6 51. Kf3 f5 52. Be8 Nd4+ 53. Ke3 f4+ 54. gxf4+ gxf4+ 55. Kd3 Ne6 56. Ke2 Ng7 57. Bf7 Kf6 58. Bd5 h5 59. Kf3 Kf5 60. Kg2 Kg4 61. Bf3+ Kh4 62. Kh2 Ne6 63. Kg2 Ng5 64. Bc6 Kg4 65. Bd7+ Kh4 66. Bc6 Ne6 67. Bd5 Nd4 68. Bb7 Kg4 69. Bc8+ Kg5 70. Kh3 Nc6 71. Bd7 Ne5 72. Bc8 Ng4 73. Kg2 Nf6 74. Kh3 Ne4 75. Kg2 Kf6 76. Kh3 Kg5 77. Kg2 Nd6 78. Bd7 Nf7 79. Kh3 Kh6 80. Bc6 Ne5 81. Bb7 Kg5 82. Bc8 f3 83. Bb7 h4 84. Bd5 Nd3 1/2-1/2

[Event "Pozarevac Rudar IM 12"]
[Site "Pozarevac"]
[Date "2024.12.03"]
[Round "2"]
[White "Dumanuly, Sultanbeibarys"]
[Black "Tregubenko, Nikolay"]
[Result "1/2-1/2"]
[WhiteElo "2218"]
[BlackElo "2152"]
[PlyCount "52"]
[EventDate "2024.12.02"]
[EventType "tourn"]
[EventRounds "9"]
[EventCountry "SRB"]
[SourceTitle "CB50_2024"]
[SourceDate "2024.11.01"]
[SourceVersion "1"]
[SourceVersionDate "2024.11.01"]
[SourceQuality "2"]

1. e4 c5 2. Nf3 d6 3. Bb5+ Bd7 4. Bxd7+ Qxd7 5. c4 g6 6. Nc3 Bg7 7. d4 cxd4 8. Nxd4 Nf6 9. f3 0-0 10. Be3 Nc6 11. 0-0 Rfc8 12. b3 Ne8 13. Rc1 Nc7 14. Nxc6 bxc6 15. Qd2 Ne6 16. c5 Rd8 17. Rfd1 Qb7 18. cxd6 Rxd6 19. Qc2 Nd4 20. Bxd4 Bxd4+ 21. Kf1 Rad8 22. Ne2 Bb6 23. Rxd6 Rxd6 24. Rd1 Qd7 25. Rd3 Rd5 26. Rxd5 Qd6 1/2-1/2

[Event "Pavlodar op"]
[Site "Pavlodar"]
[Date "2024.10.19"]
[Round "8"]
[White "Agmanov, Zhandos"]
[Black "Tregubenko, Nikolay"]
[Result "1/2-1/2"]
[WhiteElo "2458"]
[BlackElo "2023"]
[PlyCount "76"]
[EventDate "2024.10.13"]
[EventType "swiss"]
[EventRounds "10"]
[EventCountry "KAZ"]
[SourceTitle "CB43_2024"]
[Source "Chessbase"]
[SourceDate "2024.10.23"]
[SourceVersion "1"]
[SourceVersionDate "2024.10.23"]
[SourceQuality "1"]

1. e4 c5 2. Nf3 d6 3. d4 cxd4 4. Nxd4 Nf6 5. Nc3 a6 6. Be2 e5 7. Nb3 Be7 8. Be3 Be6 9. Nd5 Nbd7 10. Qd3 0-0 11. 0-0 Bxd5 12. exd5 Nc5 13. Nxc5 dxc5 14. c4 e4 15. Qc2 Bd6 16. a4 a5 17. g3 Re8 18. Ra3 Nd7 19. Rb3 b6 20. Bg4 Rb8 21. Bf5 Qe7 22. f3 g6 23. Bxd7 Qxd7 24. fxe4 Qxa4 25. Bf4 Bxf4 26. Rxf4 b5 27. Rc3 Qxc2 28. Rxc2 bxc4 29. Rxc4 Rb7 30. b3 Rxb3 31. Rxc5 Rb2 32. Rf2 g5 33. Rf1 Rxe4 34. Rc8+ Kg7 35. Rc7 Ree2 36. Rcxf7+ Kg8 37. Rf8+ Kg7 38. R8f7+ Kg8 1/2-1/2

[Event "Pavlodar op"]
[Site "Pavlodar"]
[Date "2024.10.17"]
[Round "5"]
[White "Tregubenko, Nikolay"]
[Black "Prraneeth, Vuppala"]
[Result "1-0"]
[WhiteElo "2023"]
[BlackElo "2448"]
[PlyCount "106"]
[EventDate "2024.10.13"]
[EventType "swiss"]
[EventRounds "10"]
[EventCountry "KAZ"]
[SourceTitle "CB43_2024"]
[Source "Chessbase"]
[SourceDate "2024.10.23"]
[SourceVersion "1"]
[SourceVersionDate "2024.10.23"]
[SourceQuality "1"]

1. e4 e5 2. Nf3 Nc6 3. d4 exd4 4. Nxd4 Qf6 5. Nxc6 Bc5 6. Qf3 bxc6 7. Nc3 Bd4 8. Bf4 d6 9. 0-0-0 Ne7 10. Bc4 Be6 11. Bxe6 fxe6 12. Qg3 Rf8 13. Bg5 Qxf2 14. Qh3 h6 15. Rd2 Qf7 16. Bxe7 Bxc3 17. Qxc3 Qxe7 18. Qxc6+ Kf7 19. e5 Rfd8 20. exd6 cxd6 21. Re1 e5 22. Qd5+ Qe6 23. Rf2+ Ke7 24. Qb7+ Qd7 25. Qb4 Qe6 26. Qb7+ Qd7 27. Qb4 Qe6 28. Ref1 Rab8 29. Qh4+ g5 30. Rf7+ Qxf7 31. Rxf7+ Kxf7 32. Qxh6 Re8 33. Qxg5 e4 34. Qd5+ Kg7 35. Qd4+ Kg8 36. Qe3 d5 37. c3 Rb7 38. g4 Rf7 39. Kd2 Kh7 40. Ke2 a5 41. h4 a4 42. h5 Rb7 43. b4 axb3 44. axb3 Ra8 45. Qg5 Rxb3 46. Qg6+ Kh8 47. Qf6+ Kh7 48. g5 Ra2+ 49. Ke3 Rg2 50. Qf7+ Kh8 51. Qf8+ Kh7 52. g6+ Rxg6 53. hxg6+ Kxg6 1-0

[Event "Pavlodar op"]
[Site "Pavlodar"]
[Date "2024.10.16"]
[Round "4"]
[White "Utegaliev, Azamat"]
[Black "Tregubenko, Nikolay"]
[Result "1/2-1/2"]
[WhiteElo "2418"]
[BlackElo "2023"]
[PlyCount "76"]
[EventDate "2024.10.13"]
[EventType "swiss"]
[EventRounds "10"]
[EventCountry "KAZ"]
[SourceTitle "CB43_2024"]
[Source "Chessbase"]
[SourceDate "2024.10.23"]
[SourceVersion "1"]
[SourceVersionDate "2024.10.23"]
[SourceQuality "1"]

1. d4 Nf6 2. c4 g6 3. Nc3 Bg7 4. e4 d6 5. f3 0-0 6. Nge2 Nc6 7. Bg5 a6 8. d5 Na5 9. Nd4 c5 10. Nc2 Bd7 11. a4 e6 12. Be2 exd5 13. cxd5 Rb8 14. Na3 Qc7 15. b3 Nh5 16. Bd2 Nf4 17. Rc1 Nxe2 18. Nxe2 Bb2 19. Nc4 Bxc1 20. Bxa5 b6 21. Bxb6 Rxb6 22. Nxc1 Rb4 23. Nd3 Rxc4 24. bxc4 Qa5+ 25. Kf2 Qc3 26. Re1 Qxc4 27. a5 Qd4+ 28. Kg3 c4 29. Nf2 Qe5+ 30. f4 Qc3+ 31. Kh4 Rb8 32. e5 Bf5 33. Ne4 Bxe4 34. Rxe4 Rb2 35. Qf1 Qxa5 36. exd6 Qd8+ 37. Kh3 Qxd6 38. Qxc4 Qd7+ 1/2-1/2

[Event "FIDE World Bl Team Pool A"]
[Site "Almaty"]
[Date "2024.08.05"]
[Round "2.23"]
[White "Tregubenko, Nikolay"]
[Black "Adilbekuly, Altair"]
[Result "1-0"]
[WhiteElo "2023"]
[BlackElo "1694"]
[PlyCount "67"]
[EventDate "2024.08.05"]
[EventType "team (blitz)"]
[EventRounds "7"]
[EventCountry "KAZ"]
[SourceTitle "CBM 221 Extra"]
[Source "ChessBase"]
[SourceDate "2024.09.30"]
[SourceVersion "1"]
[SourceVersionDate "2024.09.30"]
[SourceQuality "1"]
[WhiteTeam "Rookies"]
[BlackTeam "Chess Empire"]
[BlackTeamCountry "KAZ"]

1. e4 c5 2. Nf3 d6 3. d4 cxd4 4. Nxd4 Nf6 5. Nc3 a6 6. Bg5 e6 7. f4 Be7 8. Qf3 Qc7 9. 0-0-0 Nc6 10. Nb3 b5 11. Bd3 b4 12. Ne2 Bb7 13. g4 a5 14. Kb1 a4 15. Nbd4 0-0 16. Nb5 Qb8 17. h4 Ba6 18. Nbd4 Nxd4 19. Nxd4 Bb7 20. h5 h6 21. Bh4 b3 22. cxb3 axb3 23. a3 Qa7 24. Nb5 Qb6 25. g5 hxg5 26. Bxg5 Ba6 27. Nc3 Rac8 28. h6 g6 29. e5 Bb7 30. Qe2 dxe5 31. fxe5 Nd5 32. Nxd5 Bxd5 33. Bxe7 Rfe8 34. h7+ 1-0

[Event "FIDE World Bl Team Final"]
[Site "Almaty"]
[Date "2024.08.05"]
[Round "1.1"]
[White "Tregubenko, Nikolay"]
[Black "Assaubayeva, Bibissara"]
[Result "1/2-1/2"]
[WhiteElo "2023"]
[BlackElo "2470"]
[PlyCount "80"]
[EventDate "2024.08.05"]
[EventType "team-k.o. (blitz)"]
[EventRounds "4"]
[EventCountry "KAZ"]
[SourceTitle "CBM 221 Extra"]
[Source "ChessBase"]
[SourceDate "2024.09.30"]
[SourceVersion "1"]
[SourceVersionDate "2024.09.30"]
[SourceQuality "1"]
[WhiteTeam "Rookies"]
[BlackTeam "Kazchess"]
[BlackTeamCountry "KAZ"]

1. e4 e5 2. Nf3 Nc6 3. d4 exd4 4. Nxd4 Nf6 5. Nxc6 bxc6 6. Nc3 Bb4 7. Bd3 d5 8. exd5 cxd5 9. 0-0 0-0 10. Bg5 c6 11. Qf3 Be7 12. h3 h6 13. Bf4 Bd6 14. Rad1 Rb8 15. b3 Rb4 16. Bxd6 Qxd6 17. Ne2 Re8 18. c4 Qc7 19. Rfe1 Ba6 20. cxd5 Bxd3 21. Qxd3 cxd5 22. Nc3 Rd8 23. Re2 d4 24. Ne4 Nd5 25. Rc2 Qe5 26. Rc5 Qe6 27. Ng3 Nf4 28. Qf5 Qd6 29. Ra5 d3 30. Rxa7 Rf8 31. Ra4 Rxa4 32. bxa4 Qb4 33. Qe4 Qxe4 34. Nxe4 Ra8 35. Nc5 Ra5 36. Nxd3 Ne2+ 37. Kf1 Nc3 38. Rd2 Rxa4 39. g3 Rxa2 40. Rxa2 Nxa2 1/2-1/2

[Event "Baku op"]
[Site "Baku"]
[Date "2024.07.02"]
[Round "4"]
[White "Tregubenko, Nikolay"]
[Black "Ravshanov, Sheralijon"]
[Result "1/2-1/2"]
[WhiteElo "2246"]
[BlackElo "2072"]
[PlyCount "50"]
[EventDate "2024.06.29"]
[EventType "swiss"]
[EventRounds "9"]
[EventCountry "AZE"]
[SourceTitle "CBM 221 Extra"]
[Source "ChessBase"]
[SourceDate "2024.09.30"]
[SourceVersion "1"]
[SourceVersionDate "2024.09.30"]
[SourceQuality "1"]

1. e4 e6 2. d4 d5 3. Nc3 Nf6 4. Bg5 dxe4 5. Nxe4 Be7 6. Bxf6 gxf6 7. Nf3 b6 8. Bb5+ c6 9. Bd3 Bb7 10. Qd2 Qc7 11. Qh6 Nd7 12. Qg7 Rf8 13. Qxh7 0-0-0 14. Qh6 c5 15. dxc5 Nxc5 16. Nxc5 Qxc5 17. 0-0-0 Rg8 18. Rhg1 Qxf2 19. Rd2 Qc5 20. Rgd1 Bxf3 21. gxf3 Qg5 22. Qh7 Kb8 23. Qe4 Bc5 24. f4 Qd5 25. Qxd5 Rxd5 1/2-1/2

[Event "Pozarevac Rudar IM 04"]
[Site "Pozarevac"]
[Date "2024.04.25"]
[Round "9"]
[White "Hesham, Abdelrahman"]
[Black "Tregubenko, Nikolay"]
[Result "1/2-1/2"]
[WhiteElo "2366"]
[BlackElo "2098"]
[PlyCount "106"]
[EventDate "2024.04.18"]
[EventType "tourn"]
[EventRounds "9"]
[EventCountry "SRB"]
[SourceTitle "CBM 220 Extra"]
[Source "ChessBase"]
[SourceDate "2024.07.31"]
[SourceVersion "1"]
[SourceVersionDate "2024.07.31"]
[SourceQuality "1"]

1. d4 Nf6 2. c4 g6 3. Nc3 Bg7 4. e4 d6 5. f3 0-0 6. Be3 Nc6 7. Qd2 a6 8. Rd1 Rb8 9. b3 Re8 10. Kf2 e5 11. d5 Nd4 12. Nge2 b5 13. cxb5 axb5 14. b4 c5 15. dxc6 Nxc6 16. Qxd6 Qxd6 17. Rxd6 Nxb4 18. Nc1 Be6 19. Nxb5 Rec8 20. Be2 Nxa2 21. Nxa2 Bxa2 22. Ra1 Be6 23. Na7 Rc2 24. Nc6 Re8 25. Nb4 Rb2 26. Nd3 Rc2 27. Ke1 h5 28. Rda6 Bc4 29. Ra8 Rxa8 30. Rxa8+ Kh7 31. Rd8 Bh6 32. Bxh6 Kxh6 33. h4 Kg7 34. g3 Bb5 35. Rb8 Bxd3 36. Bxd3 Rg2 37. Bc4 Ng8 38. Rb7 Nh6 39. Bf1 Rc2 40. Be2 Kf6 41. Kd1 Ra2 42. g4 hxg4 43. fxg4 g5 44. Rb6+ Kg7 45. hxg5 Ng8 46. Bc4 Ra7 47. g6 fxg6 48. g5 Ne7 49. Rf6 Nc8 50. Kc2 Rd7 51. Be6 Rc7+ 52. Kd3 Nd6 53. Bg4 Rc3+ 1/2-1/2

[Event "Pozarevac Rudar IM 04"]
[Site "Pozarevac"]
[Date "2024.04.23"]
[Round "7"]
[White "Ilincic, Zlatko"]
[Black "Tregubenko, Nikolay"]
[Result "1-0"]
[WhiteElo "2262"]
[BlackElo "2098"]
[PlyCount "97"]
[EventDate "2024.04.18"]
[EventType "tourn"]
[EventRounds "9"]
[EventCountry "SRB"]
[SourceTitle "CBM 220 Extra"]
[Source "ChessBase"]
[SourceDate "2024.07.31"]
[SourceVersion "1"]
[SourceVersionDate "2024.07.31"]
[SourceQuality "1"]

1. d4 Nf6 2. c4 g6 3. g3 Bg7 4. Bg2 0-0 5. Nc3 d6 6. Nf3 Nc6 7. 0-0 e5 8. d5 Nb8 9. e4 a5 10. a3 Nbd7 11. Bg5 h6 12. Be3 Ng4 13. Bd2 f5 14. Nh4 Nc5 15. Nxg6 Rf7 16. f3 Nf6 17. b4 axb4 18. axb4 Rxa1 19. Qxa1 Nb3 20. Qa2 Nd4 21. Nh4 f4 22. Be1 fxg3 23. hxg3 Nh5 24. Ne2 Bf6 25. Nxd4 exd4 26. Nf5 Bxf5 27. exf5 Rg7 28. Kh2 Qe8 29. Qd2 Qe3 30. Qxe3 dxe3 31. f4 Bd4 32. Bf3 Nf6 33. Kg2 Re7 34. Rh1 Kg7 35. g4 Nh7 36. Bh4 Rf7 37. Rd1 Bb6 38. Be1 h5 39. Bc3+ Kg8 40. g5 Rxf5 41. Kg3 Nxg5 42. fxg5 Rxg5+ 43. Kf4 Rg6 44. Ra1 Kf8 45. Kf5 Rh6 46. Kg5 Rh7 47. Bxh5 Ke7 48. Bf6+ Kd7 49. Bg4+ 1-0

[Event "Pozarevac Rudar IM 04"]
[Site "Pozarevac"]
[Date "2024.04.21"]
[Round "4"]
[White "Pogorelskikh, Sofia"]
[Black "Tregubenko, Nikolay"]
[Result "0-1"]
[WhiteElo "2208"]
[BlackElo "2098"]
[PlyCount "86"]
[EventDate "2024.04.18"]
[EventType "tourn"]
[EventRounds "9"]
[EventCountry "SRB"]
[SourceTitle "CBM 220 Extra"]
[Source "ChessBase"]
[SourceDate "2024.07.31"]
[SourceVersion "1"]
[SourceVersionDate "2024.07.31"]
[SourceQuality "1"]

1. e4 c5 2. Nf3 d6 3. d4 cxd4 4. Nxd4 Nf6 5. Nc3 a6 6. Be2 e5 7. Nb3 Be7 8. Be3 Be6 9. Nd5 Nxd5 10. exd5 Bf5 11. Qd2 0-0 12. Na5 b6 13. Nc4 Nd7 14. a4 Rc8 15. 0-0 Nc5 16. Rfc1 Bd7 17. b4 Ne4 18. Qe1 Bg5 19. Bxb6 Qe8 20. f3 Bxc1 21. Rxc1 Bxa4 22. Be3 Bb5 23. Nb6 Nc3 24. Bd3 Rc7 25. Ra1 Bxd3 26. cxd3 Qb5 27. Nc4 Nxd5 28. Ra5 Qxb4 29. Bd2 Qb7 30. h4 Ne7 31. Be3 Nf5 32. Bf2 Rb8 33. Qe4 Qxe4 34. fxe4 Ne7 35. Rxa6 Rc6 36. Ra7 Ng6 37. Ra3 Nf4 38. Ne3 g6 39. Kh2 Rb2 40. Kg3 Rd2 41. Kf3 Rxd3 42. Ra8+ Kg7 43. g3 Ne6 0-1

[Event "Pozarevac Rudar IM 04"]
[Site "Pozarevac"]
[Date "2024.04.13"]
[Round "4"]
[White "Tregubenko, Nikolay"]
[Black "Zlatkov, Anton"]
[Result "1/2-1/2"]
[WhiteElo "2098"]
[BlackElo "2205"]
[PlyCount "112"]
[EventDate "2024.04.10"]
[EventType "tourn"]
[EventRounds "9"]
[EventCountry "SRB"]
[EventCategory "1"]
[SourceTitle "CBM 219 Extra"]
[Source "ChessBase"]
[SourceDate "2024.05.31"]
[SourceVersion "1"]
[SourceVersionDate "2024.05.31"]
[SourceQuality "1"]

1. e4 c5 2. Nf3 Nc6 3. d4 cxd4 4. Nxd4 Nf6 5. Nc3 e5 6. Ndb5 d6 7. Bg5 a6 8. Na3 b5 9. Nd5 Be7 10. Bxf6 Bxf6 11. c3 Rb8 12. Nc2 Bg5 13. Be2 0-0 14. 0-0 Be6 15. Nce3 g6 16. Kh1 a5 17. a3 Kh8 18. b4 axb4 19. axb4 Qc8 20. Bd3 Ne7 21. Ra3 Nxd5 22. Nxd5 Qc6 23. Be2 f5 24. f3 Rb7 25. Qd3 Rbf7 26. Raa1 Bd7 27. c4 bxc4 28. Qxc4 Qb7 29. b5 Be6 30. Rfd1 Be3 31. Rab1 Bc5 32. b6 fxe4 33. fxe4 Ra8 34. Rf1 Rxf1+ 35. Bxf1 Rb8 36. Bd3 Bxd5 37. Qxd5 Qxd5 38. exd5 Bxb6 39. g3 Kg7 40. Kg2 h5 41. h4 Kh6 42. Kh3 g5 43. hxg5+ Kxg5 44. Rf1 Bd8 45. Rf5+ Kh6 46. Rf8 Kg7 47. Rf3 Rb4 48. Be2 Re4 49. Rf2 Bb6 50. Bf3 Re3 51. Bxh5 e4 52. Rf7+ Kh6 53. Kg4 Bd4 54. Re7 Be5 55. Re6+ Kg7 56. Re7+ Kf8 1/2-1/2